Nombra todas las aerolíneas del mundo 2023 - Estadísticas

Estadísticas generales
  • Esta prueba ha sido intentada 63 veces
  • La puntuación promedio es 8 de 110
Estadísticas de respuestas
Hint Respuesta % Correcto
American Airlines
60%
Ryanair
52%
Emirates
48%
Air France
47%
Q Qatar Airways
47%
Air Europa
45%
Vueling
40%
British Airways
34%
D Delta Air Lines
29%
Air Canada
26%
U United Airlines
26%
Aeromexico
24%
Turkish Airlines
24%
E EasyJet
21%
Singapore Airlines
19%
Korean Air
17%
Wizz Air
16%
Etihad Airways
16%
Alitalia
12%
ITA
10%
Qantas Airways
10%
Aer Lingus
7%
Austrian Airlines
7%
Brussels Airlines
7%
EVA Air
7%
F Finnair
7%
I Iberia Express
7%
R Royal Air Maroc
7%
SAS
7%
T TAP Air Portugal
7%
Transavia
7%
Air Berlin
5%
China Airlines
5%
China Eastern Airlines
5%
China Southern Airlines
5%
Egyptair
5%
Eurowings
5%
W WestJet
5%
A Aegean Airlines
3%
​​Germanwings
3%
Iberia Líneas Aéreas de España
3%
Icelandair
3%
KLM Royal Dutch Airlines
3%
L LOT Polish Airlines
3%
Air Astana
2%
Air Malta
2%
Air Serbia
2%
Bulgaria Air
2%
Cyprus Airways
2%
G Garuda Indonesia
2%
P Pegasus Airlines
2%
S S7
2%
Swiss International Air Lines
2%
Tarom
2%
Transavia France
2%
TUI Fly
2%
Aeroflot Russian Airlines
0%
Air Arabia Maroc
0%
Air Baltic
0%
Air China Cargo
0%
Air Moldova
0%
Air Transat
0%
AIS Airlines
0%
Arkia Israel Airlines
0%
Atlantic Airways
0%
B Balkan Holiday Airlines
0%
Belavia
0%
Blue Air
0%
C Cathay Pacific Airways
0%
Condor Flugdienst
0%
Corendon Airlines
0%
Corendon Dutch Airlines
0%
Croatia Airlines
0%
Czech Airlines
0%
EasyJet Switzerland
0%
Edelweis Air
0%
El Al Israel Airlines
0%
Estonian Air
0%
Georgian Airways
0%
Iran Air
0%
Israir
0%
J Jet2.com
0%
K Kenya Airways
0%
KLM Cityhopper
0%
Kuwait Airways
0%
Lufthansa CityLine
0%
Lufthansa German Airlines
0%
M Malev
0%
Middle East Airlines
0%
N Norwegian Air International
0%
Norwegian Air Shuttle
0%
O Olympic Air
0%
Onur Air
0%
Play
0%
Royal Jordanian Airlines
0%
SATA Air Açores
0%
SATA Internacional
0%
Saudia Arabian Airlines
0%
SKY express
0%
Sunexpress
0%
Surinam Airways
0%
Tunis Air
0%
Ukraine Int. Airlines
0%
UR Airlines
0%
Ural Airlines
0%
Utair
0%
V Virgin Atlantic Airways
0%
Widerøe
0%
WOW air
0%
X Xiamen Airlines
0%
No se encontraron pruebas coincidentes
Distribución de puntuación
Porcentaje de gente con cada puntuación
Porcentaje por número respondido
Historial de tus puntuaciones
No has intentado esta prueba.